Základné predpoklady pre sformovanie intenzifikačne orientovanej hospodárskej politiky a jej nástrojov
Gespeichert in:
| 1. Verfasser: | |
|---|---|
| Format: | Buchkapitel |
| Sprache: | Slowakisch |
| Tags: |
Keine Tags, Fügen Sie das erste Tag hinzu!
|
MARC
| LEADER | 00000naa$a2200000$$$4500 | ||
|---|---|---|---|
| 001 | 0124176 | ||
| 005 | 20220520105652.7 | ||
| 041 | 0 | |a slo | |
| 044 | |a SK | ||
| 245 | 1 | 0 | |a Základné predpoklady pre sformovanie intenzifikačne orientovanej hospodárskej politiky a jej nástrojov |c Magdaléna Přívarová |
| 100 | 1 | |a Přívarová, Magdaléna, 1955- | |